| 000 | 00691nam a2200205Ia 4500 | ||
|---|---|---|---|
| 003 | GCL | ||
| 008 | 140319s9999 xx 000 0 ara d | ||
| 040 |
_aGCL / _cGCL |
||
| 082 | 0 | 4 |
_aد _b050 _bد هـ |
| 245 | 1 | 0 | _aالهلال اغسطس 1997 : جداريات الحج فن خاص |
| 260 |
_aالقاهرة : _bدار الهلال للطباعة والنشر ، _c1997 |
||
| 650 | 0 | 4 | _aالمقالات العربية |
| 650 | 0 | 4 | _aالحج |
| 650 | 0 | 4 | _aالنحت المصرى |
| 650 | 0 | 4 | _aالامثال الشعبية |
| 650 | 0 | 4 | _aالتنمية البشرية |
| 650 | 0 | 4 | _aالمسرح - نقد |
| 650 | 0 | 4 | _aالمرأة - الحياة الاجتماعية |
| 942 |
_2ddc _cCR |
||
| 999 |
_c6693 _d6693 |
||